LEADER 01689nam0-2200325 --450 001 9911064425603321 005 20260225102856.0 010 $a978-88-15-39359-3 100 $a20260225d2025----kmuy0itay5050 ba 101 0 $aita 102 $aIT 105 $aa 001yy 200 1 $aManuale di psicologia generale dello sport$fLaura Mandolesi 205 $a2. ed. 210 $aBologna$cIl mulino$d2025 215 $a316 p.$cill.$d24 cm 225 1 $aManuali. Psicologia 300 $aIn cop.: Edizione digitale su Pandora Campus 320 $aContiene riferimenti bibl. (pp. 293-308) 330 $aL'evoluzione della psicologia dello sport č stata profondamente influenzata dall'affermarsi delle scienze cognitive e degli approcci sociocognitivi, dall'introduzione delle nuove tecnologie nel mondo dello sport e della ricerca e dal contributo cruciale delle neuroscienze. Questa seconda edizione aggiornata del manuale non solo esplora i temi centrali della psicologia generale, verificandone l'applicabilitā nei contesti sportivi e non, ma offre anche indicazioni pratiche ed innovative per l'allenamento mentale. L'obiettivo principale č promuovere una solida comprensione scientifica dei processi cerebrali legati all'azione e degli effetti benefici dell'attivitā fisica sul benessere psicologico. Prefazione, di Fabio Lucidi. 610 0 $aSport$aPsicologia$aManuali 676 $a796.019$v21$zita 700 1$aMandolesi,$bLaura$0609098 801 0$aIT$bUNINA$gREICAT$2UNIMARC 901 $aBK 912 $a9911064425603321 952 $aSOC 1187$b173/2026$fFSPBC 959 $aFSPBC 996 $aManuale di psicologia generale dello sport$91537968 997 $aUNINA